Guide to the JCT Standard Form of Building Contract 1998 edition local authorities (as amended) (Record no. 102655)

MARC details
000 -LEADER
fixed length control field 00730cam a2200217 4500
008 - FIXED-LENGTH DATA ELEMENTS--GENERAL INFORMATION
fixed length control field 030210n1999 000 0 eng u
020 ## - INTERNATIONAL STANDARD BOOK NUMBER
International Standard Book Number 011322138X
035 ## - SYSTEM CONTROL NUMBER
System control number (Sirsi) u121314
050 ## - LIBRARY OF CONGRESS CALL NUMBER
Classification number 692.8
-- 18
110 ## - MAIN ENTRY--CORPORATE NAME
Corporate name or jurisdiction name as entry element NHS Estates
9 (RLIN) 2893
245 ## - TITLE STATEMENT
Title Guide to the JCT Standard Form of Building Contract 1998 edition local authorities (as amended)
260 ## - PUBLICATION, DISTRIBUTION, ETC.
Place of publication, distribution, etc. London
Name of publisher, distributor, etc. HMSO
Date of publication, distribution, etc. 1999
300 ## - PHYSICAL DESCRIPTION
Extent 160p.
Dimensions 30cm.
350 ## - PRICE (NR) (BK AM CF MU VM SE) [OBSOLETE]
Price 75
520 ## - SUMMARY, ETC.
Summary, etc. Forms part of the "Concode" set of documents.
650 ## - SUBJECT ADDED ENTRY--TOPICAL TERM
Topical term or geographic name entry element BUILT ENVIRONMENT-BUILDING CONTRACT FORMS
650 ## - SUBJECT ADDED ENTRY--TOPICAL TERM
Topical term or geographic name entry element JCT STANDARD FORM OF BUILDING CONTRACT (1998 EDITION)
650 ## - SUBJECT ADDED ENTRY--TOPICAL TERM
Topical term or geographic name entry element NATIONAL HEALTH SERVICE
690 ## - LOCAL SUBJECT ADDED ENTRY--TOPICAL TERM (OCLC, RLIN)
Topical term or geographic name as entry element BUILT ENVIRONMENT-BUILDING CONTRACT FORMS
942 ## - ADDED ENTRY ELEMENTS (KOHA)
Suppress in OPAC 0
Holdings
Withdrawn status Lost status Source of classification or shelving scheme Damaged status Not for loan Home library Current library Shelving location Date acquired Total Checkouts Full call number Barcode Date last seen Copy number Price effective from Koha item type
    Dewey Decimal Classification     London London Folio 03/03/2003   F692.8 121314-1001 06/08/2019 1 06/08/2019 Reference material